00758nam a2200241Ia 4500001000600000003000900006008004100015040001300056040001300069041001300082100002100095100002800116245005200144245006800196250001100264260001100275260002500286260004900311300005700360500004300417650002500460650003100485 4606IT-RoPAU130308s9999 xx 000 0 und d aIT-RoPAU cIT-RoPAU aITALIANO aViscidi Fiorenzo gCodice Aut. SPICS: 627 aPer una politica culturale nel mondo del cinema bDiscutere un Film-Orientamenti per Il Dibattito Cinematografico a1a ed. aPADOVA bCineforum Antonianum c1963 [1° Ed.:1963 - Ed.Ling.Originale:1963] a"11 p. (prefazione: no ; testo: 11 [pagine: 58-68])" aBasi Teoriche Cinema e Sue Prospettive aEDUCAZIONE AL CINEMA eCodice materia Spics: 6812